| 000 | 00507nam a2200205Ia 4500 | ||
|---|---|---|---|
| 003 | OSt | ||
| 005 | 20220928145250.0 | ||
| 006 | a|||||r|||| 00| 0 | ||
| 007 | ta | ||
| 008 | 220927b |||||||| |||| 00| 0 eng d | ||
| 024 | _a79736 | ||
| 037 | _cTextual | ||
| 040 |
_aSDCL _cSDCL _beng |
||
| 041 |
_2eng _aeng |
||
| 082 | _aO-,6J6I:g, K3 | ||
| 100 |
_aDixon C J Ed. _9512328 |
||
| 245 | 0 | _aPreface to Bacon. | |
| 942 |
_hO-,6J6I:g, K3 _cTEXL _2CC |
||
| 999 |
_c832812 _d832812 |
||